000 00309nam a22001337a 4500
008 170615b xxu||||| |||| 00| 0 eng d
020 _a9780195508604
041 _aeng
080 _a32
100 _a19
101 _aSHP
245 _aHEALTH REFORM IN AUSTRALIA AND NEW ZELAND
_cBLOOM,A.L
942 _2udc
_cBK
999 _c17573
_d17573